Protagonistes d’anime - Statistiques

Statistiques générales
  • Ce quiz a été pris 176 fois
  • Le résultat moyen est 17 sur 100
Statistiques - réponses
Par images Réponse % Correct
Monkey D. Luffy
100%
Naruto Uzumaki
80%
Son Gokû
80%
Izuku Midoriya / Deku
65%
Eren Jaeger
58%
Saitama
52%
Light Yagami / Kira
50%
Ichigo Kurosaki
46%
Sacha
43%
Tanjiro Kamado
43%
Yuji Itadori
43%
Meliodas
42%
Boruto Uzumaki
39%
Emma
37%
Kaneki Ken
37%
Takemichi Hanagaki
34%
Asta
32%
Tetsuya Kuroko
31%
Edward Elric
29%
Tsukino Usagi / Sailor Moon
28%
Guts
27%
Hinata Shoyo
26%
Kazuto Kirigaya / Kirito
26%
Yoichi Isagi
26%
Denji
24%
Mark Evans
24%
Baki Hanma
23%
Rem
23%
Violet Evergarden
22%
Arale Norimaki
21%
Gon Freecss
21%
Loid Forger
21%
Ryo Saeba / Nicky Larson
21%
Nagisa Shiota
18%
Akame
17%
Albator
17%
Senku Ishigami
17%
Lelouch Lamperouge / Lelouch Vi Britannia
16%
Captain Tsubasa
15%
Jonathan Joestar
14%
Natsu Dragneel
14%
Seiya
14%
Saiki Kusuo
13%
Soma Yukihira
13%
Joseph Joestar
12%
Kiyotaka Ayanokoji
12%
Giorno Giovanna
11%
Nagatoro
11%
Jotaro Kujo
10%
Yumeko Jabami
10%
Yato
9%
Cobra
8%
Shinichi Kudo / Detective Conan
8%
Shinra Kusakabe
8%
Eikichi Onizuka
7%
Jolyne Kujo
7%
Ainz Ooal Gown
6%
Josuke Higashikata
6%
Shigeo Kageyama
6%
Gintoki Sakata
5%
Kaguya Shinomiya
5%
Sebastian Michaelis
5%
Shinji Ikari
5%
Thorfinn Karlsefni
5%
Hanako-kun
4%
Punpun
4%
Spike Spiegel
4%
Hiro
3%
Kenshiro
3%
Kosei Arima
3%
Mitsuha Miyamizu
3%
Naofumi Iwatani
3%
Revy
3%
Yugi Muto
3%
Yukiteru Amano
3%
Rin Okamura
2%
Ri Shin
2%
Sakuta Azusagawa
2%
Yusuke Urameshi
2%
Akane Tsunemori
1%
Bojji
1%
Futaro Uesugi
1%
Haru Yoshida
1%
Hotaro Oreki
1%
Issei Hyoudou
1%
Kenzo Tenma
1%
Komi Shouko
1%
Makoto Ito
1%
Mugen
1%
Nishikata
1%
Rebecca Bluegarden
1%
Rintaro Okabe
1%
Rin Tohsaka
1%
Seth
1%
Kiyoshi Fujino
0%
Nariyuki Yuiga
0%
Natsuo Fujii
0%
Ryuji Takasu
0%
Satoru Fujinuma
0%
Takashi Komuro
0%
Aucun quiz correspondant
Distribution des résultats
% des personnes avec chaque résultat
Percentile par nombre de réponses
Votre historique - résultats
Vous n’avez pas pris ce quiz